000 004170000a22001570004500
001 002036
003 MACL
040 _aMACL
090 _c14029
_d14028
100 _aChakrabati, Bhubaneswar
245 _aModernisation Of Library Service
_cBhubaneswar Chakrabati
260 _aWest Bengal govt. College Teacher 's Association,
_c2000
350 _a150
650 _aLibrary & Information Science
942 _k26
_cBook
999 _c13952
_d13952